Der Islam (Record no. 535)

MARC details
000 -LEADER
fixed length control field 00640nam a2200241 a 4500
020 ## - INTERNATIONAL STANDARD BOOK NUMBER
ISBN
082 00 - DEWEY DECIMAL CLASSIFICATION NUMBER
Classification number 297.1
Author Cutter SIM1
100 ## - MAIN ENTRY--AUTHOR NAME
Author name Simon, Gottfried
245 ## - TITLE STATEMENT
Title Der Islam
Sub title Und Die Chrliftliche Derkundigung.
260 ## - PUBLICATION, DISTRIBUTION, ETC. (IMPRINT)
Place of publication Gutersloh
Name of publisher Drudh Unb Uerlag Von D. Bertelsmann
Year of publication 1920
300 ## - PHYSICAL DESCRIPTION
Number of Pages 353p.
500 ## - GENERAL NOTE
General note includes index and biblioraphy
505 2# - FORMATTED CONTENTS NOTE
Formatted contents note Methodist church west africa
650 ## - SUBJECT ADDED ENTRY--TOPICAL TERM
Topical Term Islam-Meccan Trade
942 ## - ADDED ENTRY ELEMENTS (KOHA)
Koha item type Books
700 1# -
-- Simon, Gottfried
Holdings
Home library Current library Date acquired Cost, normal purchase price Full call number Accession Number Koha item type
Henry Martyn Institute Library Henry Martyn Institute Library   100.00 297.1 SIM1 01985 Archive Book
Henry Martyn Institute Library Henry Martyn Institute Library 08/19/2016 100.00 297.1 SIM1 06930 Archive Book
                   Copyright © 2026 | Henry Martyn Institute | Hyderabad | TS-500052 | INDIA | Implemented by hmi.edu.in
Hit-Count:

Powered by Koha